01563nam a2200349 a 4500001001000000003000500010005001700015008004100032010001100073011001100084040000900095090001000104100003600114245022200150260004100372500006000413502009300473590004100566590004000607590004000647650003500687650004300722650004300765650002700808856007000835901000700905942001000912942000600922999001900928952013100947952013501078000113197CHAP20220329144343.0170515s2016 mx sm |||||||spa d a109658 a110630 cCHAP aTesis1 aValdivia Pérez, Sobed911731810aManejo químico, orgánico y biológico de Polyphagotarsonemus latus (Banks), papaya ring spot potyvirus, (PRSV-p) y Colletotrichum gloesporioides (PENZ) en papaya maradolh[En línea]cpor Sobed Valdivia Pérez. aChapingo, Méx. :bEl autor,c2016. aPara ver el contenido del material haga clic en la liga aTesis (M.C. en Protección Vegetal) -- UACH. Departamento de Parasitología Agrícola aE11695DGDb10c20170517lUCH01h1212 aE5765TAJb05c20170515lUCH01h0928 aE5765TAJb05c20170515lUCH01h092814aAntracnosis de la papaya9611514aPapayaxEnfermedades por virus.98533514aPapayaxEnfermedadesxControl.913219614aPapayaxPlagas.985350 aFinding aiduhttp://10.13.5.2/tesis/sist113197.pdfzTeclea aquí aBK cTESIS n0 c109658d109658 00104054718TESISaBCbBCd2017-05-15fTESISl0oTesisp113199-10r2019-12-31 00:00:00w2019-12-31yTESISzRecien adquirido 00102local4053708TESISaBCbBCcPA_TESISd2017-05-15fTESISl0oTesisp113199-20r2019-12-31 00:00:00tc.2w2019-12-31yTESIS